| 000 | 01736nam a2200553 i 4500 | ||
|---|---|---|---|
| 001 | 39834 | ||
| 003 | KOSZ 005 | ||
| 005 | 20200529122055.0 | ||
| 008 | 020204s2001 pl a f f |000 0 pol | ||
| 015 | _aUWD 2002/2347 | ||
| 020 | _a832134187X | ||
| 035 | _a991017643119705066 | ||
| 035 | _a(PL-WaBN)b14772346-48omnis_nlop | ||
| 035 | _ab14772346 | ||
| 035 | _a(OCoLC)749767449 | ||
| 035 | _a(PL)b0000001477234 | ||
| 035 | _a(EXLNZ-48OMNIS_NETWORK)9910315320405606 | ||
| 040 |
_aWA N _cWA N _dKOSZ 005/HR |
||
| 041 | 0 | _apol | |
| 046 | _k2001 | ||
| 080 | _a624.014 | ||
| 080 | _a621.88 | ||
| 080 | _a621.77 | ||
| 080 | _a(075.8) | ||
| 100 | 1 |
_aBródka, Jan _d(1929- ) _eAutor |
|
| 245 | 1 | 0 |
_aKonstrukcje stalowe z rur / _cJan Bródka, Mirosław Broniewicz. |
| 260 |
_aWarszawa : _b"Arkady", _c2001. |
||
| 300 | P |
_a383 s. : _bil. ; _c25 cm. |
|
| 336 |
_aTekst _btxt _2rdacontent |
||
| 337 |
_aBez urządzenia pośredniczącego _bn _2rdamedia |
||
| 338 |
_aWolumin _bnc _2rdacarrier |
||
| 380 | _aKsiążki | ||
| 380 | _aPublikacje dydaktyczne | ||
| 385 |
_mPoziom nauczania _aSzkoły wyższe |
||
| 388 | _a2001- | ||
| 504 | _aBibliogr. | ||
| 650 | 7 |
_aKonstrukcje stalowe _2DBN |
|
| 650 | 7 |
_aPołączenia konstrukcyjne _2DBN |
|
| 650 | 7 |
_aRury _2DBN |
|
| 650 | 7 | _aBudownictwo | |
| 650 | 7 | _aMechanika stosowana | |
| 655 | 7 |
_aPodręczniki akademickie _2DBN |
|
| 658 | _aArchitektura i budownictwo | ||
| 700 | 1 |
_aBroniewicz, Mirosław _eAutor |
|
| 710 | 2 |
_aWydawnictwo Arkady _4pbl |
|
| 856 |
_uhttp://koha.tu.koszalin.pl/cgi-bin/koha/opac-detail.pl?biblionumber=39834 _zKatalog online BPK |
||
| 942 |
_2UKD _cKS |
||
| 999 |
_c39834 _d39834 |
||